000 00583nam a22001697a 4500
003 OSt
005 20251030085256.0
008 251030b |||||||| |||| 00| 0 eng d
020 _a978-621-405-486-2
040 _aDWCL - Main Lib
_cOC
082 _aFil. 330 K15n 2021
100 _aTantengco, Merissa S.
245 _aKamalayang Panlipunan :
_bMga Kontemporaryong Isyo /
_cMerrisa S. Tantengco [and three others]
260 _aQuezon City , Manila :
_bAbiva Publishing ,
_cc2021.
300 _aiv , 417 Pages :
_bColor Illustration ;
_c25cm.
942 _2ddc
_cBK - FIL
_kFil.
_n0
999 _c5373
_d5373